|
|
|
|
| LEADER |
00784pam a22002298a 4500 |
| 001 |
00038841 |
| 005 |
20171026081025.0 |
| 008 |
170517s2008 ||||||Viesd |
| 041 |
0 |
# |
|a Vie
|
| 082 |
1 |
# |
|a 546
|b H401H
|
| 100 |
0 |
# |
|a Nguyễn, Đức Vận
|
| 245 |
0 |
0 |
|a Hóa học vô cơ
|c Nguyễn Đức Vận
|n T1
|p Các nguyên tố phi kim
|
| 260 |
# |
# |
|a Hà Nội
|b Khoa học kỹ thuật
|c 2008
|
| 300 |
# |
# |
|a 351tr.
|c 27 cm
|
| 653 |
# |
# |
|a Hóa học
|
| 653 |
# |
# |
|a vô cơ
|
| 852 |
# |
# |
|b Kho mượn
|j KM.0022420, KM.0021804, KM.0022746
|
| 852 |
# |
# |
|b Kho đọc
|j KD.0021511
|
| 852 |
# |
# |
|j KD.0021511
|j KM.0022420
|j KM.0022746
|j KM.0021804
|
| 910 |
|
|
|d 17/05/2017
|
| 980 |
# |
# |
|a Trung tâm Học liệu Lê Vũ Hùng, Trường Đại học Đồng Tháp
|